| 000 | 00755cam a2200217 a 4500 | ||
|---|---|---|---|
| 003 | CO-ViMGA | ||
| 005 | 20230915225026.0 | ||
| 008 | 050126s2005 ck r 00010dspa d | ||
| 020 | _a9582008105 | ||
| 040 |
_aCO-ViMGA _bspa _cCO-ViMGA |
||
| 082 | 0 | 4 |
_a574.07 _bI13d _220 ed. |
| 100 | 1 |
_aIafrancesco V., Giovanni M. _9592 |
|
| 245 | 1 | 0 |
_aDidáctica de la biología : _baportes a su desarrollo / _cGiovanni M. Iafrancesco V. |
| 260 |
_aBogotá : _bCooperativa Editorial Magisterio, _c2005. |
||
| 300 |
_a163 p. : _bil., gráficas ; _c24 cm. |
||
| 504 | _aIncluye bibliografía. | ||
| 650 | 1 | 4 |
_aAprendizaje. _9595 |
| 650 | 1 | 4 |
_aBiología _x Enseñanza _x Metodología. _9593 |
| 650 | 1 | 4 |
_aMetodología científica _x Enseñanza. _9594 |
| 942 |
_2ddc _cBK |
||
| 999 |
_c12100 _d12100 |
||